| 000 | 00347nam a22001217a 4500 | ||
|---|---|---|---|
| 999 |
_c12884 _d12884 |
||
| 008 | 211223b ||||| |||| 00| 0 eng d | ||
| 110 |
_95166 _aAll India Institute for Technical Education |
||
| 245 | 1 | 0 | _aAICTE: All India directory of appeared institutions |
| 260 |
_aNew Delhi, _bAICTE: _c1996. |
||
| 300 | _ac | ||
| 650 | 0 | _aDirectory | |
| 942 | _cBK | ||